<?xml version="1.0" encoding="UTF-8"?>
<collection xmlns="http://www.loc.gov/MARC21/slim">
 <record>
  <leader>01044nam a2200181 i 4500</leader>
  <controlfield tag="001">acta58046</controlfield>
  <controlfield tag="005">20230223145824.0</controlfield>
  <controlfield tag="008">190503s1962    hu      o     0||   hun d</controlfield>
  <datafield tag="040" ind1=" " ind2=" ">
   <subfield code="a">SZTE Egyetemi Kiadványok Repozitórium</subfield>
   <subfield code="b">hun</subfield>
  </datafield>
  <datafield tag="041" ind1=" " ind2=" ">
   <subfield code="a">hun</subfield>
  </datafield>
  <datafield tag="245" ind1="0" ind2="2">
   <subfield code="a">A Szegedi Orvostudományi Egyetem Szülészeti és Nőgyógyászati Klinikájának tudományos közleményei és előadásai = Annual Report of the Department of Obstetrics and Gynecology, University Medical School of Szeged, Hungary </subfield>
   <subfield code="h">[elektronikus dokumentum] :</subfield>
   <subfield code="b">1962</subfield>
  </datafield>
  <datafield tag="260" ind1=" " ind2=" ">
   <subfield code="a">SZOTE</subfield>
   <subfield code="b">Szeged</subfield>
   <subfield code="c">1962</subfield>
  </datafield>
  <datafield tag="300" ind1=" " ind2=" ">
   <subfield code="a">23</subfield>
   <subfield code="c">25 cm</subfield>
  </datafield>
  <datafield tag="490" ind1="0" ind2=" ">
   <subfield code="a">A Szegedi Orvostudományi Egyetem Szülészeti és Nőgyógyászati Klinikájának tudományos közleményei és előadásai</subfield>
  </datafield>
  <datafield tag="650" ind1=" " ind2="4">
   <subfield code="a">Orvos- és egészségtudomány</subfield>
  </datafield>
  <datafield tag="650" ind1=" " ind2="4">
   <subfield code="a">Klinikai orvostan</subfield>
  </datafield>
  <datafield tag="695" ind1=" " ind2=" ">
   <subfield code="a">Nőgyógyászat - bibliográfia, Szülészet - bibliográfia, Orvostudományi Egyetem - Szeged - szülészeti - bibliográfia</subfield>
  </datafield>
  <datafield tag="856" ind1="4" ind2="0">
   <subfield code="u">http://acta.bibl.u-szeged.hu/58046/1/1962_szote_szn_klinika_tkozlemeny_eloadas.pdf</subfield>
   <subfield code="z">Dokumentum-elérés </subfield>
  </datafield>
 </record>
</collection>
